Vainqueurs d'étape tour de France 2024 - Statistiques

Statistiques générales
  • Ce quiz a été pris 46 fois
  • Le résultat moyen est 15 sur 21
Statistiques - réponses
Etape Vainqueur % Correct
1. Florence - Rimini Romain Bardet
97%
4. Pinerolo - Valloire Tadej Pogacar
95%
3. Plaisance - Turin Biniam Girmay
92%
2. Cesenatico - Bologne Kevin Vauquelin
89%
19. Embrun - Isola 2000 Tadej Pogacar
84%
21. Nice - Monaco Tadej Pogacar
84%
20. Nice - Col de la Couillole Tadej Pogacar
81%
8. Semur-en-Auxois - Colombey-Les-Deux-Eglises Biniam Girmay
78%
11. Évaux-les-Bains - Le Lioran Jonas Vingegaard
78%
15. Loudenvielle - Plateau de Beille Tadej Pogacar
78%
14. Pau - Saint-Lary-Soulan Pla D'Adet Tadej Pogacar
73%
5. Saint-Jean-de-Maurienne - Saint-Vulbas Mark Cavendish
70%
7. Nuits-Saint-Georges - Gevrey-Chambertin Remco Evenepoel
70%
9. Troyes - Troyes Anthony Turgis
68%
12. Aurillac - Villeneuve-sur-Lot Biniam Girmay
65%
10. Orléans - Saint-Amand-Montrond Jasper Philipsen
65%
13. Agen - Pau Jasper Philipsen
65%
17. Saint-Paul-Trois-Châteaux - Superdévoluy Richard Carapaz
62%
16. Gruissan - Nîmes Jasper Philipsen
59%
18. Gap - Barcelonnette Victor Campenaerts
46%
6. Mâcon - Dijon Dylan Groenewegen
43%
Aucun quiz correspondant
Distribution des résultats
% des personnes avec chaque résultat
Percentile par nombre de réponses
Votre historique - résultats
Vous n’avez pas pris ce quiz